| Tag |
First Indicator |
Second Indicator |
Subfields |
| LEADER |
00000cam a2200000 a 4500 |
| 001 |
in00000011784 |
| 005 |
20160512123731.0 |
| 008 |
870515s1987 cau b 00100 eng |
| 010 |
|
|
|a 87014427
|
| 020 |
|
|
|a 0874361680 (set)
|
| 035 |
|
|
|a (OCoLC)15792563
|
| 035 |
|
|
|9 AAA4330AM
|
| 040 |
|
|
|a DLC
|c DLC
|d TXA
|d UtOrBLW
|
| 049 |
|
|
|a TXAM
|v 1 [A11027949]
|v 2 [A11027999]
|
| 050 |
0 |
0 |
|a Z6208.H5
|b H57 1987
|
| 050 |
0 |
0 |
|a DZ6208.H5 H57 1987
|
| 082 |
0 |
|
|a 016.907/2
|2 19
|
| 245 |
0 |
0 |
|a Historiography :
|b an annotated bibliography of journal articles, books, and dissertations /
|c Susan K. Kinnell, editor ; foreword by Georg G. Iggers.
|
| 264 |
|
1 |
|a Santa Barbara, Calif. :
|b ABC-Clio,
|c [1987]
|
| 264 |
|
4 |
|c ©1987
|
| 300 |
|
|
|a 2 volumes ;
|c 29 cm.
|
| 336 |
|
|
|a text
|b txt
|2 rdacontent
|
| 337 |
|
|
|a unmediated
|b n
|2 rdamedia
|
| 338 |
|
|
|a volume
|b nc
|2 rdacarrier
|
| 490 |
1 |
|
|a Clio bibliography series
|
| 500 |
|
|
|a Includes indexes.
|
| 650 |
|
0 |
|a Historiography
|x Bibliography.
|
| 700 |
1 |
|
|a Kinnell, Susan K.
|
| 830 |
|
0 |
|a Clio bibliography series.
|
| 999 |
|
|
|a MARS
|
| 999 |
f |
f |
|s ce362370-c371-3715-8fbd-c1de755192dc
|i 85ed6fc5-01e1-32a3-8851-c4144a2916a3
|t 0
|
| 952 |
f |
f |
|p ric
|a Texas A&M University
|b Rellis Campus
|c Joint Library Facility
|d Remote Storage
|t 0
|e Z6208.H5 H57 1987
|h Library of Congress classification
|i unmediated -- volume
|k v.2
|m A14811027999
|
| 952 |
f |
f |
|p ric
|a Texas A&M University
|b Rellis Campus
|c Joint Library Facility
|d Remote Storage
|t 0
|e Z6208.H5 H57 1987
|h Library of Congress classification
|i unmediated -- volume
|k v.1
|m A14811027949
|
| 998 |
f |
f |
|a Z6208.H5 H57 1987
|s v.1-v.2
|t 0
|l Remote Storage
|